00769 2200265 4500001002100000005001500021035002500036090001900061245007300080260004500153300003200198007000300230008004100233020002200274040001700296082001700313084001700330100003400347650004200381850001200423990001700435990001700452990001700469990001700486YOGYA00000000003179520240827085937 a0010-081400000031513 aK 398.24 DAL k10aKumpulan dongeng binatang /cAnne-Marie Dalmis; penerjemeh, Listiana31aJakarta :bGramedia Pustaka Utama,c2008 a136 hlm. :bilus. ;c28 cm.ta130819s2008 jkia g ind d a978-979-686-055-5 aYOPDYOGbind042[22]a398.24 a398.24 DAL k1 aDalmis, Anne-MarieePengarang 4aCerita binatang--yBacaan kanak-kanak aYOPDYOG a1654-PD/P.08 a1655-PD/P.08 a1655-PD/P.08 a1654-PD/P.08